Parsa (Novel) / (Record no. 12195)

000 -LEADER
fixed length control field 00354nam a2200133 4500
008 - FIXED-LENGTH DATA ELEMENTS--GENERAL INFORMATION
fixed length control field 210121b ||||| |||| 00| 0 eng d
082 00 - DEWEY DECIMAL CLASSIFICATION NUMBER
Classification number 891.43
Item number S61735
100 ## - MAIN ENTRY--PERSONAL NAME
9 (RLIN) 4377
Personal name Singh, Gurdial
245 10 - TITLE STATEMENT
Title Parsa (Novel) /
260 ## - PUBLICATION, DISTRIBUTION, ETC. (IMPRINT)
Place of publication, distribution, etc Haryana :
Name of publisher, distributor, etc Adhar Prakashan,
Date of publication, distribution, etc 1995.
300 ## - PHYSICAL DESCRIPTION
Extent 367 p.
650 #0 - SUBJECT ADDED ENTRY--TOPICAL TERM
Topical term or geographic name as entry element Hindi fiction
942 ## - ADDED ENTRY ELEMENTS (KOHA)
Source of classification or shelving scheme
Item type Books
Holdings
Withdrawn status Lost status Source of classification or shelving scheme Damaged status Not for loan Permanent location Current location Date acquired Full call number Barcode Date last seen Koha item type
          IMU Kolkata IMU Kolkata 2021-01-21 891.43 S61735 08591 2021-01-21 Books
Designed and Maintained by IMU-KC Library, Kolkata Campus © Copyright All Rights Reserved

webs counters

Powered by Koha